Catalog

Record Details

Catalog Search



Available copies

  • 2 of 2 copies available at LARL/NWRL Consortium.
  • 2 of 2 copies available at Lake Agassiz Regional Library. (Show preferred library)

Current holds

0 current holds with 2 total copies.

Show Only Available Copies
Location Call Number / Copy Notes Barcode Shelving Location Status Due Date
Crookston Public Library SF MAB (Text) 33500014022032 Main Available -
Moorhead Public Library SF MAB (Text) 33500014022040 Main Available -

Record details

  • ISBN: 9798200688401
  • Physical Description: 413 pages ; 24 cm.
  • Edition: First edition.
  • Publisher: Ashland, Oregon : Blackstone Publishing ; 2024.

Content descriptions

Summary, etc.:
"From New York Times bestselling author Jonathan ... Read More
Subject: Imaginary wars and battles > Fiction.
Life on other planets > Fiction.
Human-alien encounters > Fiction.
Gods > Fiction.
Genre: Science fiction.
Ghost stories.
Horror fiction.
Thrillers (Fiction)
Novels.
LDR 01898cam a2200481 i 4500
001435528
003LARL_NWRL_CONSORTIUM
00520240710155138.0
008231116s2024 oru 000 1 eng d
040 . ‡aYDX ‡beng ‡erda ‡cYDX ‡dOCLCO ‡dBDX ‡dCCPLG ‡dOCLCO ‡dAZH ‡dSO$ ‡dOCLCO ‡dGO4 ‡dVP@ ‡dOCLCO
020 . ‡a9798200688401
035 . ‡a(OCoLC)1409396830
082 4. ‡a813
1001 . ‡aMaberry, Jonathan, ‡eauthor. ‡0(LARL_NWRL_CONSORTIUM)191278
24510. ‡aNecroTek / ‡cJonathan Maberry.
2461 . ‡iAt head of title: ‡aWeird Tales presents
250 . ‡aFirst edition.
264 1. ‡aAshland, Oregon : ‡bBlackstone Publishing ; ‡a{Place of publication not identified] : ‡bWeird Tales, ‡c2024.
300 . ‡a413 pages ; ‡c24 cm.
336 . ‡atext ‡btxt ‡2rdacontent
337 . ‡aunmediated ‡bn ‡2rdamedia
338 . ‡avolume ‡bnc ‡2rdacarrier
4900 . ‡aNecroTek ; ‡v1
520 . ‡a"From New York Times bestselling author Jonathan Maberry, NecroTek is a gripping sci-fi thriller full of ghosts, Gods, and a battle for the soul of humanity." -- Publisher annotation.
650 0. ‡aImaginary wars and battles ‡vFiction. ‡0(LARL_NWRL_CONSORTIUM)165215
650 0. ‡aLife on other planets ‡vFiction. ‡0(LARL_NWRL_CONSORTIUM)165926
650 0. ‡aHuman-alien encounters ‡vFiction. ‡0(LARL_NWRL_CONSORTIUM)165608
650 0. ‡aGods ‡vFiction. ‡0(LARL_NWRL_CONSORTIUM)172323
655 7. ‡aScience fiction. ‡2lcgft
655 7. ‡aGhost stories. ‡2lcgft
655 7. ‡aHorror fiction. ‡2lcgft
655 7. ‡aThrillers (Fiction) ‡2lcgft
655 7. ‡aNovels. ‡2lcgft
901 . ‡a435528 ‡bOCoLC ‡c435528 ‡tbiblio ‡soclc

Additional Resources